Champions League Finale 2011/12 Aufstellung Bayern vs Chelsea - Statistiken

Allgemein
  • Dieses Quiz wurde 109 mal gespielt
  • Das Durchschnittsergebnis liegt bei 18 aus 28
Antwortstatistiken
Mannschaft Position Nationalität Spieler % Korrekt
Bayern TW Deutschland Manuel Neuer
100%
Bayern RV Deutschland Philipp Lahm
100%
Bayern RM Niederlande Arjen Robben
99%
Bayern LM Frankreich Franck Ribery
98%
Bayern ZOM Deutschland Thomas Müller
95%
Bayern ZM Deutschland Bastian Schweinsteiger
93%
Chelsea ST Elfenbeinküste Didier Drogba
91%
Bayern IV Deutschland Jerome Boateng
91%
Bayern Trainer Deutschland Jupp Heynckes
91%
Bayern ST Deutschland Mario Gomez
90%
Chelsea TW Tschechien Petr Cech
80%
Eingewechselt IV Belgien Daniel van Buyten
74%
Chelsea ZM England Frank Lampard
72%
Bayern ZM Deutschland Toni Kroos
67%
Chelsea IV Brasilien David Luiz
62%
Chelsea LV England Ashley Cole
61%
Eingewechselt ST Spanien Fernando Torres
59%
Bayern IV Ukraine Anatoliy Tymoshchuk
50%
Chelsea ZM Nigeria John Obi Mikel
49%
Chelsea ZOM Spanien Juan Mata
45%
Chelsea Trainer Italien Roberto di Matteo
43%
Bayern LV Deutschland Diego Contento
39%
Chelsea RM Elfenbeinküste Salomon Kalou
37%
Eingewechselt ST Kroatien Ivica OIic
32%
Chelsea IV England Gary Cahill
27%
Eingewechselt LM Frankreich Florent Malouda
26%
Chelsea RV Portugal Jose Bosingwa
20%
Chelsea LM England Ryan Bertrand
16%
Keine übereinstimmenden Quizze gefunden
Verteilung der Resultate
Anzahl Personen mit jedem Resultat
Perzentil nach korrekt beantworteten Fragen
Ihre Resultats-Entwicklung
Sie haben dieses Quiz noch nicht gespielt